000 00527nam a22001937a 4500
003 KOHA_MİRAKIL
005 20251224125938.0
008 251224b tu ||||| |||| 00| 0 tur d
020 _a9786051960470
040 _aTR-AnABB
_btur
_cTR-AnABB
041 _atur
082 _a297.813
_bISC
100 1 _aÇelik, Yılmaz,
245 1 0 _aİslam'da sosyal hizmetler /
_cYılmaz Çelik
260 _aKonya :
_bÇizgi Kitabevi,
_c2017
300 _a288 sayfa ;
_c22 cm
650 0 4 _aSosyal hizmetler
942 _2ddc
_cBK
999 _c9914
_d9914
900 _bGizem YORULMAZ